000 00357nam a22001337a 4500
020 _qPB.
040 _cFIZZA ISHAQ
082 _a423
_bCOL
100 _aMOORE,COLISTA.
_9133615
245 _aA STUDENT'S DICTIONARY & GAZETTEER,14TH EDITION /
_cCOLISTA MOORE.
260 _aNEW YORK ;
_bPROJECT INC.
_c2007.
300 _a524 P. ;
_c7.8X5IN
942 _2ddc
_cBK
999 _c616574
_d616574